000 00950nam a22002777a 4500
003 3228
005 20260330102313.0
008 240118b sa ||||| |||| 00| 0 eng d
020 _a9781431426782
_cPaperBack
040 _bEnglish
_c3228
_erda
050 _a378.19810968 WEAR
_b1
082 _223
_a378.19810968 WEAR
_b1
100 _aMngcaweni W.
_9185470
110 _aJacana Media (Pty)Ltd
_9185471
245 _aWe are no longer at ease:
_bThe struggle for #feesmustfail.
250 _aFirst Edition
260 _aAuckland Park:
_bJacana Media (Pty)Ltd;
_cc2018
300 _axx 201 Pages.;
_bColoured pictures
_c24centimetre
490 _aWe are no longer at ease: the struggle for #feesmustfall
_x9781431426782
521 _aAdult Non-Fiction-Adults
650 _2We are no longer at ease the struggle for #feesmustfall
651 _2South Africa
700 _aMngcaweni B.
_9185472
760 _bfirst edition
942 _2ddc
_cBK
_e23
_y416
_zYoliswa Sabana
999 _c761653
_d761652